000 00877 a2200241 4500
003 Nust
005 20221019112422.0
010 _a 91010978
020 _a1562050036 :
035 _a(DLC) 91010978
040 _cNust
082 0 0 _a620.00420285,RAK
100 1 _aGesner, Rusty.
245 1 0 _aInside AutoCAD :
_bthe complete AutoCAD guide /
_cD. Raker & H. Rice
250 _aMetric ed., 2nd metric ed. /
_bby Rusty Gesner with David Byrnes and Jim Boyce.
260 _aGresham, Or. :
_bNew Riders,
_cc1991.
300 _a1 v. (various pagings) :
_bill. ;
_c24 cm. +
_e1 computer disk (5 1/4 in.)
505 _aPart-1: Working in AutoCAD 2D (Page 1-1), Part-2: AutoCAD 3D (Page 13-1), Part-3: Customizing AutoCAD (Page 18-1)
700 1 _aBoyce, Jim,
_d1958-
_9100767
700 1 _aByrnes, David,
_d1947-
_9100768
700 1 _aRaker, Daniel.
_940545
942 _2ddc
_cBK
999 _c183651
_d183651